India and the emerging world order (Record no. 1464445)

MARC details
000 -LEADER
fixed length control field 00967 a2200277 4500
005 - DATE AND TIME OF LATEST TRANSACTION
control field 20251103143233.0
008 - FIXED-LENGTH DATA ELEMENTS--GENERAL INFORMATION
fixed length control field 251103b |||||||| |||| 00| 0 eng d
020 ## - INTERNATIONAL STANDARD BOOK NUMBER
International Standard Book Number 9788198748416 (hbk)
037 ## - SOURCE OF ACQUISITION
Terms of availability TB
040 ## - CATALOGING SOURCE
Original cataloging agency AL
Transcribing agency AL
041 ## - LANGUAGE CODE
Source of code eng
Language code of text/sound track or separate title eng
084 ## - COLON CLASSIFICATION NUMBER
Classification number V2:19.P1 R5
Assigning agency AL
245 ## - TITLE STATEMENT
Title India and the emerging world order
260 ## - PUBLICATION, DISTRIBUTION, ETC.
Place of publication, distribution, etc. New Delhi, India:
Name of publisher, distributor, etc. Pentagon Press LLP,
Date of publication, distribution, etc. 2025.
300 ## - PHYSICAL DESCRIPTION
Extent xxi, 262p.
365 ## - TRADE PRICE
Price amount 1495.00
Currency code INR
650 ## - SUBJECT ADDED ENTRY--TOPICAL TERM
Topical term or geographic name entry element India - Foreign Religion
9 (RLIN) 849975
650 ## - SUBJECT ADDED ENTRY--TOPICAL TERM
Topical term or geographic name entry element India - History
9 (RLIN) 849976
650 ## - SUBJECT ADDED ENTRY--TOPICAL TERM
Topical term or geographic name entry element Security
9 (RLIN) 849977
650 ## - SUBJECT ADDED ENTRY--TOPICAL TERM
Topical term or geographic name entry element International Relation
9 (RLIN) 849978
700 ## - ADDED ENTRY--PERSONAL NAME
Personal name Chinoy, S.
Relator term editor.
9 (RLIN) 849979
700 ## - ADDED ENTRY--PERSONAL NAME
Personal name Vignesh, R.
Relator term editor.
9 (RLIN) 849980
700 ## - ADDED ENTRY--PERSONAL NAME
Personal name Mayuri, Banerjee
Relator term editor.
9 (RLIN) 849981
942 ## - ADDED ENTRY ELEMENTS (KOHA)
Koha item type Textbook
Source of classification or shelving scheme Colon Classification (CC)
Suppress in OPAC No
Classification part V2:19.P1 R5
Holdings
Withdrawn status Lost status Source of classification or shelving scheme Damaged status Not for loan Home library Current library Date acquired Source of acquisition Cost, normal purchase price Inventory number Total Checkouts Full call number Barcode Date last seen Cost, replacement price Price effective from Koha item type
    Colon Classification (CC)     Arts Library Arts Library 2025-10-14 87/ Prajana Books 1196.00 3 & 2025-10-04   V2:19.P1 R5 AL1804704 2025-10-14 1495.00 2025-10-14 Textbook
Copyright @ Delhi University Library System